000 00628cam a2200145 4500500
005 20251012005127.0
041 _afre
042 _adc
100 1 0 _aCordemoy, Laurent
_eauthor
245 0 0 _aRobert D. Richardson, Trois philosophes en deuil. Comment Emerson, Thoreau et William James ont surmonté leur chagrin. Traducción del inglés (Estados Unidos) por Frédéric Joly. Premier Parallèle, 2025, 180 páginas, 17 euros.
260 _c2025.
500 _a10
786 0 _nÉtudes | - | 9 | 2025-09-01 | p. 133a-134
856 4 1 _uhttps://shs.cairn.info/revista-etudes-2025-9-page-133a?lang=es&redirect-ssocas=7080
999 _c1516701
_d1516701